<?xml version="1.0" encoding="UTF-8"?>
<record
    xmlns:xsi="http://www.w3.org/2001/XMLSchema-instance"
    xsi:schemaLocation="http://www.loc.gov/MARC21/slim http://www.loc.gov/standards/marcxml/schema/MARC21slim.xsd"
    xmlns="http://www.loc.gov/MARC21/slim">

  <leader>01596na  a2200289   4500</leader>
  <controlfield tag="001">22650</controlfield>
  <controlfield tag="003">MIRAKIL</controlfield>
  <controlfield tag="005">20181213155206.0</controlfield>
  <controlfield tag="008">170221b        tu            000 0      </controlfield>
  <datafield tag="040" ind1=" " ind2=" ">
    <subfield code="a">Milas</subfield>
    <subfield code="b">tur</subfield>
    <subfield code="c">TR-AnCHP</subfield>
  </datafield>
  <datafield tag="041" ind1=" " ind2=" ">
    <subfield code="a">tur</subfield>
  </datafield>
  <datafield tag="082" ind1=" " ind2=" ">
    <subfield code="a">SODEP 324.172</subfield>
    <subfield code="b">S62 [1984-85]</subfield>
  </datafield>
  <datafield tag="090" ind1=" " ind2=" ">
    <subfield code="a">SODEP 324.172 S62 [1984-85]</subfield>
  </datafield>
  <datafield tag="110" ind1=" " ind2=" ">
    <subfield code="a">Sosyal Demokrasi Partisi (SODEP)</subfield>
  </datafield>
  <datafield tag="245" ind1=" " ind2=" ">
    <subfield code="a">[SODEP'in &#xE7;e&#x15F;itli raporlar&#x131;] </subfield>
    <subfield code="c">SODEP</subfield>
  </datafield>
  <datafield tag="260" ind1=" " ind2=" ">
    <subfield code="a">Ankara</subfield>
    <subfield code="b">SODEP</subfield>
    <subfield code="c">1983-1984</subfield>
  </datafield>
  <datafield tag="300" ind1=" " ind2=" ">
    <subfield code="a">c.</subfield>
    <subfield code="c">30</subfield>
  </datafield>
  <datafield tag="440" ind1=" " ind2=" ">
    <subfield code="a">SODEP yay&#x131;nlar&#x131;</subfield>
  </datafield>
  <datafield tag="505" ind1=" " ind2=" ">
    <subfield code="a">Ba&#x11F;&#x131;ms&#x131;zl&#x131;k - SODEP merkez karar ve y&#xF6;netim kurulu T&#xFC;rk kamuoyuna a&#x15F;a&#x11F;&#x131;daki g&#xF6;r&#xFC;&#x15F;lerini sunmaya karar vermi&#x15F;tir (28 Haziran 1985) - The protocol of unification and merger between the populist party and the party of social democracy - T&#xFC;z&#xFC;k komisynunun ara raporu - SODEP "i&#x15F;&#xE7;i-memur komisyonu" &#xE7;al&#x131;&#x15F;ma y&#xF6;ntemi &#xFC;zerine &#xF6;neriler, SODEP hesap plan&#x131; - SODEP k&#xFC;lt&#xFC;r ve sanat raporu -SODEP i&#x15F;&#xE7;i-memur sorunlar&#x131; -- SODEP'in ekonomik ve sosyal konulara bak&#x131;&#x15F;&#x131; / &#x130;zmir &#x130;l &#xF6;rg&#xFC;t&#xFC;, sosyal demokrasi anlay&#x131;&#x15F;&#x131;, SODEP'in DSP raporu - &#x130;stihdam ve i&#x15F;sizlik, para ve kredi politikas&#x131;, TRT raporu - T&#xFC;z&#xFC;k de&#x11F;i&#x15F;ikli&#x11F;i ile ilgili bilgi -Program tasla&#x11F;&#x131; (1 Haziran 1983) - SODEP Kamu fonlar&#x131; -SODEP 1. K&#xFC;&#xE7;&#xFC;k kongre bildirisi (14 Nisan 1984) - SODEP il genel meclisi &#xFC;ye se&#xE7;imleri listesi</subfield>
  </datafield>
  <datafield tag="610" ind1=" " ind2=" ">
    <subfield code="a">SODEP</subfield>
    <subfield code="x">Komisyon raporlar&#x131;</subfield>
  </datafield>
  <datafield tag="610" ind1=" " ind2=" ">
    <subfield code="a">SODEP</subfield>
    <subfield code="x">Programlar</subfield>
  </datafield>
  <datafield tag="610" ind1=" " ind2=" ">
    <subfield code="a">SODEP</subfield>
    <subfield code="x">Raporlar</subfield>
  </datafield>
  <datafield tag="610" ind1=" " ind2=" ">
    <subfield code="a">SODEP</subfield>
    <subfield code="x">T&#xFC;z&#xFC;k ve y&#xF6;netmelikler</subfield>
  </datafield>
  <datafield tag="710" ind1=" " ind2=" ">
    <subfield code="a">SODEP</subfield>
  </datafield>
  <datafield tag="942" ind1=" " ind2=" ">
    <subfield code="2">dcc</subfield>
    <subfield code="c">BKS</subfield>
  </datafield>
  <datafield tag="952" ind1=" " ind2=" ">
    <subfield code="a">0001</subfield>
    <subfield code="b">0001</subfield>
    <subfield code="d">2017-02-21</subfield>
    <subfield code="e">2</subfield>
    <subfield code="l">0</subfield>
    <subfield code="o">SODEP 324.172 S62 [1984-85]</subfield>
    <subfield code="p">016231</subfield>
    <subfield code="r">2017-02-21 00:00:00</subfield>
    <subfield code="v">0.00</subfield>
    <subfield code="w">2017-02-21</subfield>
    <subfield code="x"> Klas&#xF6;r</subfield>
    <subfield code="y">BKS</subfield>
  </datafield>
  <datafield tag="999" ind1=" " ind2=" ">
    <subfield code="c">8298</subfield>
    <subfield code="d">8298</subfield>
  </datafield>
</record>
